Současné trendy v bankovnictví a požadavky na informační technologii
Hlavné trendy bankovníctva v súčasnosti. Dlhodobá stratégia banky v troch hlavných oblastiach: 1. orientácia na zákazníka, 2. viackanálová distribúcia bankových produktov, 3. implementácia nových technológií.
Saved in:
| Main Author: | |
|---|---|
| Format: | Book Chapter |
| Language: | Czech |
| Subjects: | |
| Tags: |
No Tags, Be the first to tag this record!
|
MARC
| LEADER | 00000naa a2200000 4500 | ||
|---|---|---|---|
| 001 | r022497 | ||
| 005 | 20230908090435.0 | ||
| 041 | 0 | |a cze | |
| 044 | |a CZ | ||
| 245 | 1 | 0 | |a Současné trendy v bankovnictví a požadavky na informační technologii |c F. Hlaváč |
| 520 | |a Hlavné trendy bankovníctva v súčasnosti. Dlhodobá stratégia banky v troch hlavných oblastiach: 1. orientácia na zákazníka, 2. viackanálová distribúcia bankových produktov, 3. implementácia nových technológií. | ||
| 610 | 2 | 0 | |a bankovníctvo |
| 610 | 2 | 0 | |a technológie informačné |
| 610 | 2 | 0 | |a zákazníci |
| 610 | 2 | 0 | |a služby bankové |
| 100 | 1 | |a Hlaváč, F. | |